Statistics for All players to have played for Barcelona and Real Madrid

Click here to take the quiz!

General Stats

  • This quiz has been taken 731 times
  • The average score is 4 of 15

Answer Stats

YearAnswer% Correct
2000.Luís Figo
92%
2002.Ronaldo
74%
1996.Luis Enrique
45%
2004.Samuel Eto'o
35%
2007.Javier Saviola
33%
1994.Michael Laudrup
31%
1994.Gheorghe Hagi
12%
2000.Albert Celades
10%
1995.Robert Prosinečki
9%
1990.Luis Milla
6%
1994.Julen Lopetegui
6%
2000.Alfonso Pérez
6%
1992.Fernando ”Nando” Muñoz
3%
1995.Miquel Soler
2%
1999.Daniel García Lara
2%

Score Distribution

Percentile by Number Answered

Percent of People with Each Score

Your Score History

You have not taken this quiz